Contabilidad de costos tradiciones e innovaciones / Jesse T. Barfiel, Cecily A. Raiborn y Michael R. Kinney (Registro nro. 7209)

Detalles MARC
000 -LEADER
fixed length control field 00579nam a22002051a 4500
001 - CONTROL NUMBER
control field 7209
003 - CONTROL NUMBER IDENTIFIER
control field OSt
005 - DATE AND TIME OF LATEST TRANSACTION
control field 20260204212122.0
008 - FIXED-LENGTH DATA ELEMENTS--GENERAL INFORMATION
fixed length control field 061119s2003||||mx ||||||b||||||||||spa||
020 ## - NUMERO DE LIBRO INTERNACIONAL NORMALIZADO
International Standard Book Number 9706863583
050 ## - LIBRARY OF CONGRESS CALL NUMBER
Classification number 657.42 B238c
100 ## - ASIENTO PRINCIPAL -- NOMBRE PERSONAL
Personal name Barfiel, Jesse T.
245 ## - TÍTULO PROPIAMENTE DICHO: SUBTÍTULO
Title Contabilidad de costos tradiciones e innovaciones / Jesse T. Barfiel, Cecily A. Raiborn y Michael R. Kinney
250 ## - MENCIÓN DE EDICIÓN
Edition statement 5
264 ## - PRODUCTION, PUBLICATION, DISTRIBUTION, MANUFACTURE, AND COPYRIGHT NOTICE
Place of production, publication, distribution, manufacture México : Thomson
300 ## - PHYSICAL DESCRIPTION
Extensión 890 p
650 ## - ASIENTO SECUNDARIO DE MATERIA -- TERMINO TEMÁTICO
Termino Temático Como Elemento de Entrada 1.Contabilidad de Costos
700 ## - ASIENTO SECUNDARIO -- NOMBRE PERSONAL
Personal name Raiborn, Cecily A. II.Kinney Michael R.Ì
942 ## - ADDED ENTRY ELEMENTS (KOHA)
Source of classification or shelving scheme Dewey Decimal Classification
Koha item type Libros
Existencias
Withdrawn status Lost status Source of classification or shelving scheme Damaged status Not for loan Current library Date acquired Total Checkouts Full call number Barcode Date last seen Price effective from Koha item type
    Dewey Decimal Classification     Biblioteca UTECO 09/09/2019   657.42 B238C 012385 09/09/2019 09/09/2019 Libros
    Dewey Decimal Classification     Biblioteca UTECO 09/09/2019   657.42 B238C 013038 09/09/2019 09/09/2019 Libros
    Dewey Decimal Classification     Biblioteca UTECO 09/09/2019   657.42 B238C 013039 09/09/2019 09/09/2019 Libros
    Dewey Decimal Classification     Biblioteca UTECO 09/09/2019   657.42 B238C 013040 09/09/2019 09/09/2019 Libros
© 2021 Derechos Reservados UTECO - Teléfono: +1 809-585-2291 - Correo electrónico: biblioteca@uteco.edu.do​  
Código postal 43000 ​​
Dirección: Avenida Universitaria No. 100, 
Cotuí, Provincia Sánchez Ramírez, República Dominicana - RNC: 404-00059-6